| 000 | 00551nam a2200169 a 4500 | ||
|---|---|---|---|
| 001 | 2307 | ||
| 003 | CDMR | ||
| 005 | 20130405124801.0 | ||
| 008 | 130130s1975||||||||||||||||||||||||||||d | ||
| 040 |
_aCDMR _bcat _cCDMR |
||
| 111 | 2 |
_aJornadas Nacionales de Radio _cBarcelona _d1975 _n1ª _91721 |
|
| 245 | 1 | 3 |
_aLa radio medio de comunicación _b: Jornadas Nacionales : 30-31 de Enero de 1975 |
| 260 |
_aBarcelona _c1975 _bCasa Provincial de Caridad. Imprenta Escuela |
||
| 300 |
_a406 p ; _c24 cm |
||
| 650 | 0 | 4 |
_92801 _aRàdio _xAspectes socials |
| 942 |
_cMON _2udc |
||
| 999 |
_c2307 _d2307 |
||